Az úszásoktatás a rendszerváltozást követő tantervekben

Tanulmányunk az 1990-es rendszerváltozást követő testnevelési tanterveket tekinti át az úszásoktatás szempontjából. A cikkben egyrészt nyomon követjük a tanterveket érintő globális ideológiai változásokat, másrészt választ keresünk az úszásoktatás gyakorlati problémáira....

Teljes leírás

Elmentve itt :
Bibliográfiai részletek
Szerzők: Révész László
Bognár József
Dokumentumtípus: Cikk
Megjelent: 2006
Sorozat:Iskolakultúra 16 No. 3
Online Access:http://misc.bibl.u-szeged.hu/41250
LEADER 00947nab a2200193 i 4500
001 misc41250
005 20191106140711.0
008 180709s2006 hu o 0|| zxx d
022 |a 1215-5233 
040 |a SZTE Miscellanea Repozitórium  |b hun 
041 |a zxx 
100 1 |a Révész László 
245 1 3 |a Az úszásoktatás a rendszerváltozást követő tantervekben  |h [elektronikus dokumentum] /  |c  Révész László 
260 |c 2006 
300 |a 34-43 
490 0 |a Iskolakultúra  |v 16 No. 3 
520 3 |a Tanulmányunk az 1990-es rendszerváltozást követő testnevelési tanterveket tekinti át az úszásoktatás szempontjából. A cikkben egyrészt nyomon követjük a tanterveket érintő globális ideológiai változásokat, másrészt választ keresünk az úszásoktatás gyakorlati problémáira. 
700 0 1 |a Bognár József  |e aut 
856 4 0 |u http://misc.bibl.u-szeged.hu/41250/1/EPA00011_iskolakultura_2006_03_034-043.pdf  |z Dokumentum-elérés